MARC

LEADER 00000nam0a2200000 4500
001 202258
005 20231031185313.0
010 |a 5230120282 
035 |a (RuTPU)RU\TPU\book\220412 
090 |a 202258 
100 |a 20111008d1990 m y0rusy50 ca 
101 0 |a rus 
102 |a RU 
105 |a a j 001zy 
200 1 |a Первичные измерительные преобразователи  |e учебное пособие  |f В. Н. Скугоров  |g Московский государственный институт радиотехники, электроники и автоматики (Технический университет) (МИРЭА) 
210 |a Москва  |c Изд-во МИРЭА  |d 1990 
215 |a 76 с.  |c ил. 
610 1 |a измерительные преобразователи 
610 1 |a преобразование энергии 
610 1 |a теория 
610 1 |a теорема Мильштейна 
610 1 |a классификация 
675 |a 681.586(075.8)  |v 3 
700 1 |a Скугоров  |b В. Н.  |g Владимир Николаевич 
712 0 2 |a Московский государственный институт радиотехники, электроники и автоматики (Технический университет) (МИРЭА)  |2 stltpush  |3 (RuTPU)RU\TPU\col\119 
801 1 |a RU  |b 63413507  |c 20111008 
801 2 |a RU  |b 63413507  |c 20111017  |g RCR 
942 |c BK